Just Cause 3 - Vehicles - Statistics

General Stats
  • This quiz has been taken 48 times
    45 since last reset
  • The average score is 25 of 80
Answer Stats
Type Subtype Vehicle Name % Correct
Supercar Verdeleon 3
68%
Supercar Mugello Vistosa
63%
Tank Imperator Bavarium Tank
58%
Attack Helicopter CS Navajo
47%
Attack/Transport Helicopter Urga Hrom D
47%
Fighter Jet CS7 Thunderhawk
42%
Armored Personal Carrier CS Baltdjur
42%
Race Car Mugello Farina Duo
42%
Supercar Mugello Quipozza F
42%
Superbike MV402
42%
Attack Helicopter Urga Mstitel
42%
Vintage Cars Van '63 Autostraad Weltbus
37%
Transport Helicopter CS Comet
37%
Tanks Tank CS Odjur
37%
Di Ravello's Helicopter Golden Urga Mstitel
37%
Motorcycles Motorcycle Mugello Furia MS-316
37%
Sports Car Mugello Raffinati Vitesse
37%
Military Ship Rebel Corvette
37%
Speedboat Squalo X7
37%
Pickup Stria Facocero (armed)
37%
Pickup Stria Facocero (unarmed)
37%
Compact Car Stria Gioco
37%
Sedan Stria Joia
37%
Pickup Stria Toro
37%
Fighter Jet U-7 Dravec
37%
Tank Urga Bkolos 2100
37%
Combat Cars Buggy Urga Ogar 7 V8
37%
Limousine '05 Charmant
32%
ATV Autostraad Kletterer 300
32%
WW2 Fighter Plane Carmen Albatross
32%
Bus Citispeed Eco 75
32%
ATV Custom Kletterer 300
32%
Helicopters Utility Helicopter Eubus Eagle
32%
Monster Truck Incediaro Monster Truck
32%
Utility Helicopter News Chopper
32%
Sports Car Stria Ghepardo 3S
32%
SUV Stria Kavala
32%
Truck Stria Obrero
32%
Truck Stria Obrero (non-civilian)
32%
Van Stria Switzo
32%
Ambulance Stria Switzo Ambulance
32%
Transport Plane U41 Ptakojester
32%
Off-Road Car Urga Szturm 63A
32%
Fishing Boat Whaleshark
32%
Sports Cars Sports Car Windhund 4
32%
Sedan '13 Vigueur
26%
Modern Cars Sedan Autostraad D90
26%
Off Road Off-Road Motorcycle Geschwind V3000
26%
Sports Car Kerner Serpente R
26%
Sea Vehicles Fishing Boat Minnow Fishing Boat
26%
Quarry Truck Nashorn 6100
26%
Off-Road Motorcycle Pavouk U-15
26%
Armored Truck Stadt-Tresor ST 8530
26%
Bus Stria Campania 115
26%
Classic Car Stria Carera G
26%
Classic Car Stria Carera Standard
26%
Economy Car Stria Cucciola
26%
Floatplane Stria Ghibli 3
26%
Sedan Stria Infimo S
26%
Moped Stria Risata
26%
Tractor Stria Rustico
26%
Armored Truck Urga Fura 570
26%
Transport Boat Urga Hroch
26%
Waterlanding Helicopter Urga Racek
26%
Planes Small Plane Urga U17 Akrobat
26%
Motorcycle Vintage Stria M7
26%
Off-Road Car Weimaraner
26%
Sedan Autostraad D700
21%
Utility Vehicles Truck Autostraad Reisender 7
21%
Sailboat Brise 32
21%
Patrol Boat CS Powerrun 77
21%
Off-Road Motorcycle Custom Geschwind
21%
Yacht Dame de la Mer 99
21%
Off-Road Car Weimaraner W3
21%
Moped '69 Stria Sussuro
16%
Patrol Boat Custode 29
16%
Speedboat Pescepada SS
16%
Motorcycle Stria Giovanni
16%
Jet Ski Stria PW 220 R-GT
16%
Attack Helicopter Urga Postolska
11%
No matching quizzes found
Score Distribution
Percent of People with Each Score
Percentile by Number Answered
Your Score History
You have not taken this quiz since the last reset